| 000 | 00800nam a2200205 a 4500 | ||
|---|---|---|---|
| 008 | 060316s1994 ||||||||||||||||| || u | ||
| 020 | _a0750617527 | ||
| 050 | _aTK 7887.5 Mus | ||
| 100 | _aMustafa, M. A. (Mustafa Ahsen) | ||
| 245 | 1 | 0 | _aMicrocomputer interfacing and applications (2nd ed.) |
| 250 | _a2nd ed. | ||
| 260 |
_aOxford ;Boston : _bNewnes _c1994. |
||
| 300 | _axiii, 456 p. : ill. ; 24 cm. | ||
| 350 | _a0.00 | ||
| 500 | _aRev. ed. of: Digital and analogue interfacing for microcomputers. 1990. -Includes index. | ||
| 650 | _aCOMPUTER INTERRFACES | ||
| 650 | _aTEXTBOOKS | ||
| 650 | _aDIGITAL--TO--ANALOG CONVERTERS | ||
| 995 |
_FCBU-MAIN LIBRARY (Kitwe) _I0.00 _UAVAILABLE _WNov 12, 2013 _ZMain Library Open Access Collection |
||
| 999 |
_c51099 _d51099 |
||